000 01312nam0a22003131 4500
001 rc\4153675
005 20200110152120.0
021 _aRU
_b[47-10194]
035 _a(NLR Aleph) 008171684
090 _a7858693
_c7858693
100 _a20130415d1947 |||y0rusy50 ca
101 0 _arus
102 _aRU
105 _ay z |||a|
200 1 _aРусские люди
_eПьеса в 3 д., 9 карт.
_fРежиссер. примеч. засл. деятеля искусств Н.М. Горчакова [с. 63-75]
210 _aМосква
_cГоскультпросветиздат
_d1947
_gТип. [Высш. парт. школы при ЦК ВКП(б)]
215 _a96 с.
_d22
225 1 _aХудожественные самодеятельности
300 _aПеред загл. авт.: К. Симонов
606 _aПатриотизм русского народа (х. л.)
_2psbo
606 _aВеликая Отечественная война (х. л.)
_2psbo
700 1 _aСимонов
_bК. М.
_cписатель
_f1915-1979
_gКонстантин Михайлович
_3RU\NLR\AUTH\778243
702 1 _aГорчаков
_bН. М.
_4212
801 0 _aRU
_bNLR
_gpsbo
801 1 _aRU
_bELAR
_2rusmarc
852 _aNLR
_jЛ30 Г-6/52
942 _cBOOK
980 _aNB